| Tag |
First Indicator |
Second Indicator |
Subfields |
| LEADER |
00000cam a2200000 i 4500 |
| 001 |
in00004566021 |
| 008 |
140206s2014 enkb b 001 0 eng c |
| 005 |
20230619132347.8 |
| 020 |
|
|
|a 9780745669700
|q hbk.
|
| 020 |
|
|
|a 0745669700
|q hbk.
|
| 020 |
|
|
|a 9780745669717
|q pbk.
|
| 020 |
|
|
|a 0745669719
|q pbk.
|
| 035 |
|
|
|a (OCoLC)870286217
|z (OCoLC)881444015
|
| 040 |
|
|
|a YDX
|e rda
|c YDX
|d BDX
|d CDX
|
| 043 |
|
|
|a a-cc---
|
| 050 |
|
4 |
|a HF5415.33.C6
|b Y82 2014
|
| 082 |
0 |
|
|a 658.8/3430951
|2 23
|
| 100 |
1 |
|
|a Yu, LiAnne,
|e author.
|
| 245 |
1 |
0 |
|a Consumption in China :
|b how China's new consumer ideology is shaping the nation /
|c LiAnne Yu.
|
| 264 |
|
1 |
|a Cambridge, UK ;
|a Malden, Massachusetts :
|b Polity Press,
|c 2014.
|
| 300 |
|
|
|a xi, 207 pages :
|b map ;
|c 21 cm.
|
| 336 |
|
|
|a text
|2 rdacontent
|
| 337 |
|
|
|a unmediated
|2 rdamedia
|
| 338 |
|
|
|a volume
|2 rdacarrier
|
| 490 |
1 |
|
|a China today series
|
| 504 |
|
|
|a Includes bibliographical references (pages [188]-199) and index.
|
| 650 |
|
0 |
|a Consumption (Economics)
|z China.
|
| 650 |
|
0 |
|a Consumers
|z China.
|
| 650 |
|
0 |
|a Consumer behavior
|z China.
|
| 830 |
|
0 |
|a China today series (Cambridge, England)
|
| 945 |
|
|
|b 286155
|
| 947 |
|
|
|a A14851684473
|
| 948 |
|
|
|a dmitchel 5/9/22 12.12.12
|
| 999 |
f |
f |
|s f9076a5e-9b06-45df-859a-53fff26e9749
|i 0004e95e-af15-4304-a2da-6148a1e0d9e9
|t 0
|
| 952 |
f |
f |
|p normal
|a Texas A&M University
|b College Station
|c Sterling C. Evans Library
|d Evans: Library Stacks
|t 0
|e HF5415.33.C6 Y82 2014
|h Library of Congress classification
|i unmediated -- volume
|m A14851684473
|
| 998 |
f |
f |
|a HF5415.33.C6 Y82 2014
|t 0
|l Evans: Library Stacks
|